000 00273cam a2200109ua 4500
082 _a532
_bKHU/TE
100 _aR.S, Khurumi.
245 _aTextbook of hydraulics fluid mechanics and hydraulics and hydraulic machines
300 _a ; .
504 _a
999 _c11949
_d11949